<?xml version="1.0" encoding="UTF-8"?><marc:collection xmlns:marc="http://www.loc.gov/MARC21/slim">
  <marc:record>
    <marc:leader>00000nam  2200000za 4500</marc:leader>
    <marc:controlfield tag="001">9.843743</marc:controlfield>
    <marc:controlfield tag="003">CaOODSP</marc:controlfield>
    <marc:controlfield tag="005">20250310155650</marc:controlfield>
    <marc:controlfield tag="007">cr |||||||||||</marc:controlfield>
    <marc:controlfield tag="008">170915s2017    qucabd  ob   f000 0 iku d</marc:controlfield>
    <marc:datafield tag="040" ind1=" " ind2=" ">
      <marc:subfield code="a">CaOODSP</marc:subfield>
      <marc:subfield code="b">fre</marc:subfield>
    </marc:datafield>
    <marc:datafield tag="043" ind1=" " ind2=" ">
      <marc:subfield code="a">n-cn---</marc:subfield>
    </marc:datafield>
    <marc:datafield tag="086" ind1="1" ind2=" ">
      <marc:subfield code="a">Fs70-6/2017-040Iku2-PDF</marc:subfield>
      <marc:subfield code="z">Fs70-6/2017-040S-PDF</marc:subfield>
    </marc:datafield>
    <marc:datafield tag="245" ind1="0" ind2="0">
      <marc:subfield code="a">[Répercussions d’un régime de quotas flexibles sur la récolte de morses (Odobenus rosmarus rosmarus)] </marc:subfield>
      <marc:subfield code="h">[ressource électronique].</marc:subfield>
    </marc:datafield>
    <marc:datafield tag="246" ind1="1" ind2="7">
      <marc:subfield code="a">Répercussions du régime de quotas flexible sur la chasse au morse</marc:subfield>
    </marc:datafield>
    <marc:datafield tag="250" ind1=" " ind2=" ">
      <marc:subfield code="a">[Édition inuktitut].</marc:subfield>
    </marc:datafield>
    <marc:datafield tag="260" ind1=" " ind2=" ">
      <marc:subfield code="a">Mont-Joli, QC : </marc:subfield>
      <marc:subfield code="b">Secrétariat canadien de consultation scientifique, </marc:subfield>
      <marc:subfield code="c">2017.</marc:subfield>
    </marc:datafield>
    <marc:datafield tag="300" ind1=" " ind2=" ">
      <marc:subfield code="a">9 p. : </marc:subfield>
      <marc:subfield code="b">carte en coul., graph. en coul., ill. en coul.</marc:subfield>
    </marc:datafield>
    <marc:datafield tag="490" ind1="1" ind2=" ">
      <marc:subfield code="a">Secrétariat canadien de consultation scientifique, avis scientifique, </marc:subfield>
      <marc:subfield code="x">1919-5117 ; </marc:subfield>
      <marc:subfield code="v">2017/040, Régions du Québec et du Centre et de l’Arctique</marc:subfield>
    </marc:datafield>
    <marc:datafield tag="500" ind1=" " ind2=" ">
      <marc:subfield code="a">Titre de départ.</marc:subfield>
    </marc:datafield>
    <marc:datafield tag="500" ind1=" " ind2=" ">
      <marc:subfield code="a">« Août 2017. »</marc:subfield>
    </marc:datafield>
    <marc:datafield tag="500" ind1=" " ind2=" ">
      <marc:subfield code="a">Publ. par : Institut Maurice-Lamontagne.</marc:subfield>
    </marc:datafield>
    <marc:datafield tag="500" ind1=" " ind2=" ">
      <marc:subfield code="a">Titre français fournis par l’éditeur.</marc:subfield>
    </marc:datafield>
    <marc:datafield tag="500" ind1=" " ind2=" ">
      <marc:subfield code="a">Publié aussi en français sous le titre : Répercussions d’un régime de quotas flexibles sur la récolte de morses (Odobenus rosmarus rosmarus).</marc:subfield>
    </marc:datafield>
    <marc:datafield tag="504" ind1=" " ind2=" ">
      <marc:subfield code="a">Comprend des références bibliographiques.</marc:subfield>
    </marc:datafield>
    <marc:datafield tag="520" ind1=" " ind2=" ">
      <marc:subfield code="a">« Pour le MPO, la chasse au morse est importante et elle est déclarée au moyen de la liste de contrôle nationale de la viabilité des pêches. Pour les pêches importantes, le MPO continue de s’appuyer sur le Cadre pour la pêche durable, qui contient les politiques actuelles du MPO concernant la prise de décisions en matière de gestion des ressources, et il s’appuie sur les nouvelles politiques afin de tenir compte des facteurs écosystémiques et des considérations relatives à l’approche de précaution. L’attention croissante à l’échelle nationale et internationale concernant la façon dont le Canada gère les stocks de morses exige du Ministère qu’il soit en mesure de démontrer que la chasse est durable, ou qu’il prenne les mesures appropriées lorsque les niveaux de récolte sont jugés non durables. La présente analyse porte sur une demande d’avis de la Gestion des écosystèmes et des pêches sur la forme de quota flexible ou de report des captures qui pourrait être établie pour la gestion du morse une fois le TAC établi pour une zone de gestion » -- Introd., p. 2-3.</marc:subfield>
    </marc:datafield>
    <marc:datafield tag="546" ind1=" " ind2=" ">
      <marc:subfield code="a">Text en inuktitut.</marc:subfield>
    </marc:datafield>
    <marc:datafield tag="692" ind1="0" ind2="7">
      <marc:subfield code="2">gccst</marc:subfield>
      <marc:subfield code="a">Phoque</marc:subfield>
    </marc:datafield>
    <marc:datafield tag="692" ind1="0" ind2="7">
      <marc:subfield code="2">gccst</marc:subfield>
      <marc:subfield code="a">Zone de pêche</marc:subfield>
    </marc:datafield>
    <marc:datafield tag="692" ind1="0" ind2="7">
      <marc:subfield code="2">gccst</marc:subfield>
      <marc:subfield code="a">Gestion des pêches</marc:subfield>
    </marc:datafield>
    <marc:datafield tag="710" ind1="1" ind2=" ">
      <marc:subfield code="a">Canada. </marc:subfield>
      <marc:subfield code="b">Ministère des pêches et des océans.</marc:subfield>
    </marc:datafield>
    <marc:datafield tag="710" ind1="2" ind2=" ">
      <marc:subfield code="a">Secrétariat canadien de consultation scientifique.</marc:subfield>
    </marc:datafield>
    <marc:datafield tag="710" ind1="2" ind2=" ">
      <marc:subfield code="a">Institut Maurice-Lamontagne.</marc:subfield>
    </marc:datafield>
    <marc:datafield tag="775" ind1="0" ind2="8">
      <marc:subfield code="t">Répercussions d’un régime de quotas flexibles sur la récolte de morses (Odobenus rosmarus rosmarus) </marc:subfield>
      <marc:subfield code="w">(CaOODSP)9.843739</marc:subfield>
    </marc:datafield>
    <marc:datafield tag="791" ind1=" " ind2=" ">
      <marc:subfield code="t">[Impacts of flexible quota system on walrus (Odobenus rosmarus rosmarus) harvesting] </marc:subfield>
      <marc:subfield code="e">eng</marc:subfield>
      <marc:subfield code="w">(CaOODSP)9.843742</marc:subfield>
    </marc:datafield>
    <marc:datafield tag="830" ind1="#" ind2="0">
      <marc:subfield code="a">Avis scientifique (Secrétariat canadien de consultation scientifique)</marc:subfield>
      <marc:subfield code="x">1919-5117 ; </marc:subfield>
      <marc:subfield code="v">2017/040, Régions du Québec et du Centre et de l’Arctique</marc:subfield>
      <marc:subfield code="w">(CaOODSP)9.500674</marc:subfield>
    </marc:datafield>
    <marc:datafield tag="856" ind1="4" ind2="0">
      <marc:subfield code="q">PDF</marc:subfield>
      <marc:subfield code="s">508 Ko</marc:subfield>
      <marc:subfield code="u">https://publications.gc.ca/collections/collection_2017/mpo-dfo/Fs70-6-2017-040-iku.pdf</marc:subfield>
    </marc:datafield>
  </marc:record>
</marc:collection>
